00418nam a2200133 4500008004100000020001500041050002000056100001900076245008500095250001300180260004200193300002900235650002000264150530b xxu||||| |||| 00| 0 eng d a0443034206 aRF 46 .H35 1987 aHall, Simson I aDisease of the nose, throat and ear :ba handbook for students and practitioners a13th ed. aLondon:bChurchill Livingstone,c1987 ax, 404p. :bill.;c23cm. aOtolaryngology.